MARC details
| 000 -CABECERA |
| campo de control de longitud fija |
03102nas a22005897a 4500 |
| 003 - IDENTIFICADOR DEL NÚMERO DE CONTROL |
| campo de control |
CHAP |
| 005 - FECHA Y HORA DE LA ÚLTIMA TRANSACCIÓN |
| campo de control |
20220329143427.0 |
| 008 - DATOS DE LONGITUD FIJA--INFORMACIÓN GENERAL |
| campo de control de longitud fija |
001017 r pernn 0 b1Eng d |
| 010 ## - NÚMERO DE CONTROL DE LA BIBLIOTECA DEL CONGRESO |
| Número de control de LC |
96427 |
| 011 ## - ENLACE DEL NUMERO DE CONTROL DE LA BIBLIOTECA DEL CONGRESO [OBSOLETO] |
| Número de control de LC |
97399 |
| 022 ## - NÚMERO INTERNACIONAL NORMALIZADO PARA PUBLICACIONES SERIADAS |
| Número Internacional Normalizado para Publicaciones Seriadas |
0140-1963 |
| 035 ## - NÚMERO DE CONTROL DEL SISTEMA |
| Número de control de sistema |
108067 |
| 040 ## - FUENTE DE LA CATALOGACIÓN |
| Centro/agencia transcriptor |
CHAP |
| 245 00 - MENCIÓN DE TÍTULO |
| Título |
Journal of Arid Environment |
| 260 0# - PUBLICACIÓN, DISTRIBUCIÓN, ETC. |
| Lugar de publicación, distribución, etc. |
Orlando, Fl: |
| Nombre del editor, distribuidor, etc. |
Elsevier |
| Fecha de publicación, distribución, etc. |
19- |
| 300 ## - DESCRIPCIÓN FÍSICA |
| Extensión |
v. |
| 310 ## - PERIODICIDAD ACTUAL |
| Periodicidad actual |
mensual |
| 362 ## - FECHAS DE PUBLICACIÓN Y/O DESIGNACIÓN SECUENCIAL |
| Fecha de publicación y/o designación secuencial |
v.73 n.2,2009 |
| 590 ## - NOTA LOCAL (RLIN) |
| Nota local |
BATCH-UPD |
| Procedencia (VM) [OBSOLETO] |
10 |
| Condición del los carretes individuales (VM) [OBSOLETO] |
20130110 |
| -- |
UCH01 |
| -- |
0812 |
| 590 ## - NOTA LOCAL (RLIN) |
| Nota local |
BATCH-UPD |
| Procedencia (VM) [OBSOLETO] |
10 |
| Condición del los carretes individuales (VM) [OBSOLETO] |
20130410 |
| -- |
UCH01 |
| -- |
0449 |
| 590 ## - NOTA LOCAL (RLIN) |
| Nota local |
BATCH-UPD |
| Procedencia (VM) [OBSOLETO] |
10 |
| Condición del los carretes individuales (VM) [OBSOLETO] |
20130914 |
| -- |
UCH01 |
| -- |
2000 |
| 590 ## - NOTA LOCAL (RLIN) |
| Nota local |
CONVERSION |
| Procedencia (VM) [OBSOLETO] |
10 |
| Condición del los carretes individuales (VM) [OBSOLETO] |
20130109 |
| -- |
UCH01 |
| -- |
1353 |
| 650 04 - PUNTO DE ACCESO ADICIONAL DE MATERIA--TÉRMINO DE MATERIA |
| Término de materia o nombre geográfico como elemento de entrada |
Regiones áridas |
| Subdivisión general |
Publicaciones periódicas. |
| 9 (RLIN) |
95688 |
| 852 #2 - LOCALIZACIÓN |
| -- |
ISSUE |
| Anterior ubicación en estantería |
2012-12-17 |
| -- |
03 |
| 852 #2 - LOCALIZACIÓN |
| -- |
ISSUE |
| Anterior ubicación en estantería |
2012-12-17 |
| -- |
03 |
| 852 #2 - LOCALIZACIÓN |
| -- |
ISSUE |
| Anterior ubicación en estantería |
2012-12-17 |
| -- |
03 |
| 852 #2 - LOCALIZACIÓN |
| -- |
ISSUE |
| Anterior ubicación en estantería |
2012-12-17 |
| -- |
03 |
| 852 #2 - LOCALIZACIÓN |
| -- |
ISSUE |
| Anterior ubicación en estantería |
2012-12-17 |
| -- |
03 |
| 852 #2 - LOCALIZACIÓN |
| -- |
ISSUE |
| Anterior ubicación en estantería |
2012-12-17 |
| -- |
03 |
| 852 #2 - LOCALIZACIÓN |
| -- |
ISSUE |
| Anterior ubicación en estantería |
2012-12-17 |
| -- |
03 |
| 852 #2 - LOCALIZACIÓN |
| -- |
ISSUE |
| Anterior ubicación en estantería |
2012-12-17 |
| -- |
03 |
| 852 #2 - LOCALIZACIÓN |
| -- |
ISSUE |
| Anterior ubicación en estantería |
2012-12-17 |
| -- |
03 |
| 852 #2 - LOCALIZACIÓN |
| -- |
ISSUE |
| Anterior ubicación en estantería |
2012-12-17 |
| -- |
03 |
| 852 #2 - LOCALIZACIÓN |
| -- |
ISSUE |
| Anterior ubicación en estantería |
2012-12-17 |
| -- |
03 |
| 852 #2 - LOCALIZACIÓN |
| -- |
ISSUE |
| Anterior ubicación en estantería |
2012-12-17 |
| -- |
03 |
| 866 ## - MENCIÓN TEXTUAL DE FONDOS--UNIDAD BIBLIOGRÁFICA BÁSICA |
| Cadena textual |
v. 73 n. 1 (January 2009) - v. 73 n. 12 (December 2009) |
| 901 ## - ELEMENTOS DE DATOS A LOCAL LDA (RLIN) |
| a |
SE |
| 905 ## - ELEMENTOS DE DATOS E LOCAL, LDE (RLIN) |
| a |
Araceli Hernández Gómez. |
| 942 ## - ELEMENTOS DE PUNTO DE ACCESO ADICIONAL (KOHA) |
| Tipo de ítem Koha |
Publicaciones seriadas |
| 949 ## - PROCESAMIENTO DE INFORMACIÓN LOCAL (OCLC) |
| b |
BC |
| c |
PS |
| d |
203167 |
| e |
PS |
| f |
v. 73 n. 1 ( January 2009) |
| i |
108067 |
| j |
73 |
| s |
n |
| 949 ## - PROCESAMIENTO DE INFORMACIÓN LOCAL (OCLC) |
| b |
BC |
| c |
PS |
| d |
203168 |
| e |
PS |
| f |
v. 73 n. 2 ( February 2009) |
| i |
108067 |
| j |
73 |
| s |
n |
| 949 ## - PROCESAMIENTO DE INFORMACIÓN LOCAL (OCLC) |
| b |
BC |
| c |
PS |
| d |
203169 |
| e |
PS |
| f |
v. 73 n. 3 ( March 2009) |
| i |
108067 |
| j |
73 |
| s |
n |
| 949 ## - PROCESAMIENTO DE INFORMACIÓN LOCAL (OCLC) |
| b |
BC |
| c |
PS |
| d |
203170 |
| e |
PS |
| f |
v. 73 n. 4 ( April 2009) |
| i |
108067 |
| j |
73 |
| s |
n |
| 949 ## - PROCESAMIENTO DE INFORMACIÓN LOCAL (OCLC) |
| b |
BC |
| c |
PS |
| d |
203171 |
| e |
PS |
| f |
v. 73 n. 5 ( May 2009) |
| i |
108067 |
| j |
73 |
| s |
n |
| 949 ## - PROCESAMIENTO DE INFORMACIÓN LOCAL (OCLC) |
| b |
BC |
| c |
PS |
| d |
203172 |
| e |
PS |
| f |
v. 73 n. 6 ( June 2009) |
| i |
108067 |
| j |
73 |
| s |
n |
| 949 ## - PROCESAMIENTO DE INFORMACIÓN LOCAL (OCLC) |
| b |
BC |
| c |
PS |
| d |
203173 |
| e |
PS |
| f |
v. 73 n. 7 ( July 2009) |
| i |
108067 |
| j |
73 |
| s |
n |
| 949 ## - PROCESAMIENTO DE INFORMACIÓN LOCAL (OCLC) |
| b |
BC |
| c |
PS |
| d |
203262 |
| e |
PS |
| f |
v. 73 n. 8 ( August 2009) |
| i |
108067 |
| j |
73 |
| s |
n |
| 949 ## - PROCESAMIENTO DE INFORMACIÓN LOCAL (OCLC) |
| b |
BC |
| c |
PS |
| d |
203468 |
| e |
PS |
| f |
v. 73 n. 9 ( September 2009) |
| i |
108067 |
| j |
73 |
| s |
n |
| 949 ## - PROCESAMIENTO DE INFORMACIÓN LOCAL (OCLC) |
| b |
BC |
| c |
PS |
| d |
203469 |
| e |
PS |
| f |
v. 73 n. 10 ( October 2009) |
| i |
108067 |
| j |
73 |
| s |
n |
| 949 ## - PROCESAMIENTO DE INFORMACIÓN LOCAL (OCLC) |
| b |
BC |
| c |
PS |
| d |
203981 |
| e |
PS |
| f |
v. 73 n. 12 ( December 2009) |
| i |
108067 |
| j |
73 |
| s |
n |
| 949 ## - PROCESAMIENTO DE INFORMACIÓN LOCAL (OCLC) |
| b |
BC |
| c |
PS |
| d |
204900 |
| e |
PS |
| f |
v. 73 n. 11 ( November 2009) |
| i |
108067 |
| j |
73 |
| s |
n |